Statistics for All Max and Harvey songs

Click here to take the quiz!

General Stats

  • This quiz has been taken 6 times
  • The average score is 33 of 44

Answer Stats

Clue Cover or OG=ORIGINAL SONGMAX AND HARVEY SONGS AND COVERS% Correct
Covercan't hold us
100%
CoverCool
100%
OGDrown
100%
OG with Jayden BartelsElectric
100%
OGGirlfriend
100%
CoverHigh hopes
100%
CoverKiss you
100%
CoverLast Christmas
100%
OGLonely
100%
OGNervous
100%
Unreleased OG songNo one else
100%
CoverOne love
100%
OGOne more day in love
100%
CoverRiptide
100%
CoverShe moves in her own way
100%
CoverStitches
100%
OGStuck on the ceiling
100%
OGTrade hearts
100%
CoverTreat you better
100%
CoverWake me up
100%
OGWhere were you
100%
Cover/OGWords
100%
CoverCounting stars
75%
CoverDrive By
75%
CoverFocus
75%
CoverGoodbye forever
75%
OGIn my DNA
75%
CoverI will wait
75%
CoverLet me love you
75%
CoverLove yourself
75%
OGNo way
75%
CoverPhotograph
75%
CoverPompeii
75%
Unreleased OG songShy girl
75%
OGStranger
75%
CoverThe rose
75%
CoverWhen will I be famous
75%
OG/COVERAJR acoustic song mashup
0%
OG/COVERAnne-Marie Acoustic song mashup
0%
CoverAnywhere
0%
OG/COVERAvicci acoustic song mashup
0%
CoverMigraine
0%
OG/COVERSchool of rock mashup
0%
CoverSucker
0%

Score Distribution

Percentile by Number Answered

Percent of People with Each Score

Your Score History

You have not taken this quiz